| 000 | 00709cab a2200193 4500 | ||
|---|---|---|---|
| 001 | WB2344-13 | ||
| 008 | 090401t1987 xxu||||| |||| 00| 0 eng d | ||
| 035 | _a(Sirsi) u43678 | ||
| 041 | _aeng | ||
| 245 | _aStorm aid get-out clause | ||
| 260 | _c1987 | ||
| 350 | _a0 | ||
| 490 |
_aBuilding _vvol 252 no 44, 30/10/87 p11 |
||
| 520 | _aUninsured property will not be eligible for emegency financial aid. This covers many coucnils built stock and may lead to severe cut backs in council building programmes in the South of England, with money from existing projects being diverted to pay huge repair bills. | ||
| 650 | _aSTORM DAMAGE | ||
| 690 | _aBUILT ENVIRONMENT | ||
| 942 | _n0 | ||
| 948 | _c04/03/1997 | ||
| 999 |
_c27832 _d27832 |
||